Money talks

Wedi'i Gadw mewn:
Manylion Llyfryddiaeth
Fformat: Llyfr
Iaith:Undetermined
Cyhoeddwyd: London Andre Deutsch 1972
Pynciau:
Tagiau: Ychwanegu Tag
Dim Tagiau, Byddwch y cyntaf i dagio'r cofnod hwn!
Thư viện lưu trữ: Trung tâm Học liệu Trường Đại học Cần Thơ
LEADER 00405nam a2200169Ia 4500
001 CTU_87024
008 210402s9999 xx 000 0 und d
082 |a 332 
082 |b M742 
245 0 |a Money talks 
245 0 |c William Davis 
260 |a London 
260 |b Andre Deutsch 
260 |c 1972 
650 |a Money 
904 |i Tuyến 
980 |a Trung tâm Học liệu Trường Đại học Cần Thơ